[Event "Druzynowe Mistrzostwa Polski - II Liga 2023"]
[Site "Jastrzebia Gora"]
[Date "1899-12-30"]
[Round "1.1"]
[White "Maciejczak, Jakub"]
[Black "Baum, Jonasz"]
[Result "0-1"]
[WhiteTitle "FM"]
[BlackTitle "IM"]
[WhiteElo "2360"]
[BlackElo "2436"]

1. b3 d5 2. Bb2 Bf5 3. e3 e6 4. Nf3 Nf6 5. Be2 h6 6. O-O Be7 7. c4 O-O 8. Nc3 Nbd7
9. d3 Bh7 10. Re1 c6 11. Bf1 Re8 12. a3 a5 13. h3 Bf8 14. Rc1 Qb6 15. Na4 Qa7
16. cxd5 exd5 17. Qc2 Rac8 18. Nc3 b5 19. Qd1 Nb6 20. Nd4 Qd7 21. a4 b4 22. Nb1
Bd6 23. Nd2 Bb8 24. f4 c5 25. N4f3 d4 26. Ne5 Bxe5 27. fxe5 Nfd5 28. Nc4 Nxc4
29. dxc4 Nc3 30. Bxc3 bxc3 31. Rxc3 Rxe5 32. Rc1 Rce8 33. Qd2 Qe7 34. Qxa5 Rxe3
35. Red1 Rxb3 36. Ra1 Qe3+ 37. Kh1 Be4 38. Re1 Qxh3+ 39. Kg1 Qf5 40. Ra2 Ra8 41.
Qc7 Re3 42. Rea1 Qc8 43. Qd6 Ra6 44. Qf4 Qb7 45. a5 f5 46. Rf2 Kh7 47. Qe5 Qc6
48. Qb8 Qd6 49. Qb5 Rg3 50. Raa2 Rg4 0-1

[Event "Druzynowe Mistrzostwa Polski - II Liga 2023"]
[Site "Jastrzebia Gora"]
[Date "1899-12-30"]
[Round "1.2"]
[White "Sidorczuk, Pawel"]
[Black "Malovanyi, Yulian"]
[Result "1-0"]
[WhiteTitle "I+"]
[BlackTitle "FM"]
[WhiteElo "2123"]
[BlackElo "2325"]

1. e4 g6 2. d4 Bg7 3. Nc3 d6 4. Be3 c6 5. h3 b5 6. a3 Bb7 7. f4 Nd7 8. Nf3 a6 9.
e5 Nh6 10. Ng5 Qc8 11. Nce4 f6 12. Ne6 Kf7 13. exf6 Nxf6 14. N4g5+ Kg8 15. Bd3
Nf5 16. Bxf5 gxf5 17. Nxg7 Kxg7 18. d5 c5 19. O-O Bxd5 20. Qe1 h6 21. Bd4 cxd4
22. Qxe7+ Kg6 23. Nf3 Bxf3 24. Rxf3 Ne4 25. h4 Qe8 26. h5+ Kxh5 27. Qg7 Ng5 28.
fxg5 hxg5 29. Kf2 Qe5 30. g4+ Kxg4 31. Rg1+ Kh4 32. Qxg5# 1-0

[Event "Druzynowe Mistrzostwa Polski - II Liga 2023"]
[Site "Jastrzebia Gora"]
[Date "1899-12-30"]
[Round "1.3"]
[White "Janaszak, Dawid"]
[Black "Dalkowski, Rafal"]
[Result "1-0"]
[WhiteTitle "FM"]
[BlackTitle "k"]
[WhiteElo "2302"]
[BlackElo "2079"]

1. e4 c6 2. d4 d5 3. exd5 cxd5 4. Bd3 Nc6 5. c3 Nf6 6. Bf4 Bg4 7. Qb3 Qc8 8. Nd2
e6 9. Ngf3 Be7 10. O-O Bh5 11. Rae1 Bg6 12. Bxg6 hxg6 13. Qb5 O-O 14. Qd3 Nh5
15. Be5 b5 16. Qxb5 f6 17. Bg3 Nxg3 18. hxg3 Rb8 19. Qd3 Rxb2 20. Qxg6 Rxa2 21.
Re3 Bd6 22. Rxe6 Ne7 23. Qb1 Qxe6 24. Qxa2 Qd7 25. Ra1 Ra8 26. c4 Bb4 27. Nf1
a5 28. Ne3 dxc4 29. Qxc4+ Kf8 30. d5 Rc8 31. Qe4 Kg8 32. Rd1 Bd6 33. Nc4 Qa4 34.
Rd4 Bc5 35. Qe6+ Kf8 36. Rh4 Qa1+ 37. Kh2 g6 38. Rh7 Rd8 39. Qf7# 1-0

[Event "Druzynowe Mistrzostwa Polski - II Liga 2023"]
[Site "Jastrzebia Gora"]
[Date "1899-12-30"]
[Round "1.4"]
[White "Haliniak, Wojciech"]
[Black "Szyszylo, Rafal"]
[Result "0-1"]
[WhiteTitle "I"]
[BlackTitle "CM"]
[WhiteElo "1870"]
[BlackElo "2074"]

1. e4 d6 2. d4 Nf6 3. Bd3 g6 4. f4 Bg7 5. Nf3 O-O 6. e5 Nd5 7. Be4 dxe5 8. dxe5
c6 9. c4 Nb6 10. Qxd8 Rxd8 11. b3 N8d7 12. Ba3 f6 13. Nbd2 fxe5 14. O-O-O exf4
15. Bxe7 Re8 16. Bg5 Nc5 17. Bc2 Ne6 18. h4 Nxg5 19. hxg5 Bg4 20. Rh4 Bxf3 21.
gxf3 Rad8 22. Rdh1 Re7 23. Rxf4 Bb2+ 24. Kxb2 Rxd2 25. Re4 Rxe4 26. fxe4 Rg2 27.
c5 Nd7 28. b4 Rxg5 29. Rd1 Nf6 30. Rd8+ Kg7 31. Rb8 h5 32. Rxb7+ Kh6 33. Rc7 h4
34. e5 Rxe5 35. Rxc6 Kg5 36. Rc8 h3 37. Rh8 Nh5 38. c6 Re7 39. Rg8 h2 40. Bxg6
Kf6 41. c7 Rxc7 42. Be4 Rc4 43. Rh8 Kg5 44. Rg8+ Kf4 45. Rh8 Rxb4+ 46. Kc3 Rxe4
47. Rxh5 Kg3 48. Rh8 Rh4 49. Rg8+ Kh3 0-1

[Event "Druzynowe Mistrzostwa Polski - II Liga 2023"]
[Site "Jastrzebia Gora"]
[Date "1899-12-30"]
[Round "1.5"]
[White "Chmielarz, Maciej"]
[Black "Suska, Szymon"]
[Result "0-1"]
[WhiteTitle "I++"]
[BlackTitle "I+"]
[WhiteElo "1996"]
[BlackElo "2058"]

1. d4 Nf6 2. c4 e6 3. Nc3 Bb4 4. a3 Bxc3+ 5. bxc3 b6 6. f3 Nc6 7. e4 Na5 8. e5
Nh5 9. Be3 f5 10. Nh3 O-O 11. Bg5 Qe8 12. g4 h6 13. Bc1 fxg4 14. fxg4 Qe7 15.
g5 Bb7 16. Rg1 Rf3 17. Bg2 Raf8 18. d5 Rxh3 19. Bxh3 exd5 20. e6 Nf4 21. Bxf4
Rxf4 22. gxh6 Qh4+ 23. Rg3 Re4+ 24. Kf1 dxe6 25. hxg7 Nxc4 26. Kg1 Re3 27. Rxe3
Nxe3 28. Bxe6+ Kxg7 29. Qd4+ Qxd4 30. cxd4 c5 31. dxc5 bxc5 32. Rc1 Kf6 33. Bh3
c4 34. Kf2 d4 35. Bd7 c3 36. Bb5 Be4 37. Ke2 Nd5 38. h4 Ke5 39. Bc4 Nf4+ 40. Kf2
Nd3+ 41. Bxd3 Bxd3 42. h5 Kd5 43. h6 Kc4 44. Rh1 Bh7 45. Ke2 d3+ 46. Kd1 Kb3 47.
Rh5 a6 48. Rc5 d2 49. Rd5 Kb2 50. Ke2 Bc2 51. Rxd2 cxd2 52. Kxd2 Bh7 53. a4 a5
54. Kd1 Kb3 55. Kc1 Bg6 56. Kd2 Kxa4 57. Kc3 Ka3 58. Kc4 a4 59. Kc3 Bh7 0-1

[Event "Druzynowe Mistrzostwa Polski - II Liga 2023"]
[Site "Jastrzebia Gora"]
[Date "1899-12-30"]
[Round "1.6"]
[White "Matskevich, Varvara"]
[Black "Kaczmarska, Joanna"]
[Result "0-1"]
[WhiteTitle "I++"]
[BlackTitle "k++"]
[WhiteElo "1690"]
[BlackElo "1866"]

1. d4 d5 2. c4 e6 3. Nc3 Bb4 4. cxd5 exd5 5. Qa4+ Nc6 6. Nf3 Nf6 7. Bg5 h6 8. Bxf6
Qxf6 9. e3 O-O 10. Bd3 Bg4 11. Nd2 Qg5 12. Qb3 Rfe8 13. h3 Rxe3+ 14. Kf1 Rxd3
15. hxg4 Rxd2 16. Nxd5 Qxg4 17. Rh3 Qe2+ 18. Kg1 Qxf2+ 0-1

[Event "Druzynowe Mistrzostwa Polski - II Liga 2023"]
[Site "Jastrzebia Gora"]
[Date "1899-12-30"]
[Round "1.7"]
[White "Daniel, Damian"]
[Black "Grela, Kacper"]
[Result "1/2-1/2"]
[WhiteTitle "CM"]
[BlackTitle "FM"]
[WhiteElo "2114"]
[BlackElo "2355"]

1. d4 Nf6 2. c4 e6 3. Nc3 Bb4 4. Nf3 O-O 5. Bg5 h6 6. Bh4 d5 7. e3 Nbd7 8. cxd5
exd5 9. Bd3 c6 10. O-O Re8 11. Qc2 b6 12. a3 Be7 13. Rae1 Ne4 14. Bxe7 Qxe7 15.
Nd2 Ndf6 16. f3 Nxd2 17. Qxd2 Be6 18. Bb1 c5 19. Ne2 Rac8 20. Nf4 Qd6 21. Rd1
Rc7 22. Rfe1 Rec8 23. dxc5 Qxc5 24. Ne2 Qd6 25. Nd4 Qe5 26. Qd3 Rc5 27. Qd2 Bd7
28. Ne2 Rc4 29. Nd4 h5 30. Qf2 R4c5 31. Qd2 h4 32. Rc1 h3 33. g3 Nh5 34. f4 Qc7
35. Nb3 Rxc1 36. Rxc1 Qd6 37. Rxc8+ Bxc8 38. Qc2 Qe6 39. Qc3 Qg4 40. Kf2 Ba6 41.
Qe1 Nf6 42. Nd4 Qh5 43. Bc2 Ne4+ 44. Kg1 1/2-1/2

[Event "Druzynowe Mistrzostwa Polski - II Liga 2023"]
[Site "Jastrzebia Gora"]
[Date "1899-12-30"]
[Round "1.8"]
[White "Kolodziejski, Piotr"]
[Black "Rychlik, Hanna"]
[Result "1-0"]
[WhiteTitle "k"]
[BlackTitle "k"]
[WhiteElo "2276"]
[BlackElo "2026"]

1. e4 c5 2. Nf3 d6 3. Bb5+ Bd7 4. Bxd7+ Qxd7 5. c4 Nf6 6. Nc3 Nc6 7. d4 cxd4 8.
Nxd4 g6 9. h3 Bg7 10. Be3 O-O 11. O-O Rfc8 12. b3 a6 13. a4 Qd8 14. Qd2 Nd7 15.
Rab1 Nxd4 16. Bxd4 Bxd4 17. Qxd4 Qb6 18. Qd2 Qb4 19. Qb2 Nf6 20. Rfd1 Rc5 21.
Rd3 Re5 22. Re3 Qc5 23. Rbe1 Rc8 24. Kf1 Qd4 25. Qe2 Qb6 26. Qd1 Qa5 27. f4 Rec5
28. Kg1 Kf8 29. Qd4 Qc7 30. Nd5 e5 31. Qb2 Nxd5 32. exd5 f6 33. Qf2 Kg7 34. g4
h6 35. h4 Rf8 36. Rf3 b5 37. fxe5 dxe5 38. axb5 axb5 39. Ra1 Rf7 40. Ra6 Qc8 41.
Raxf6 Rxf6 42. Rxf6 bxc4 43. Re6 Qf8 44. Rxg6+ 1-0

[Event "Druzynowe Mistrzostwa Polski - II Liga 2023"]
[Site "Jastrzebia Gora"]
[Date "1899-12-30"]
[Round "1.9"]
[White "Reichel, Lukasz"]
[Black "Kejna, Piotr"]
[Result "0-1"]
[WhiteTitle "I"]
[BlackTitle "CM"]
[WhiteElo "1928"]
[BlackElo "2267"]

1. e4 c5 2. Nf3 Nc6 3. d4 cxd4 4. Nxd4 Nf6 5. Nc3 d6 6. Bg5 Qb6 7. Nb3 e6 8. Qd2
Be7 9. f3 a6 10. O-O-O Bd7 11. Kb1 Qc7 12. g4 Ne5 13. Nd4 b5 14. Bd3 b4 15. Nce2
a5 16. Be3 a4 17. g5 Nh5 18. f4 Nxd3 19. Qxd3 Qb7 20. Ng3 Nxg3 21. hxg3 a3 22.
b3 Rc8 23. e5 Rc3 24. Qd2 dxe5 25. fxe5 Bc5 26. Rhe1 Qd5 27. Nf5 Qxd2 28. Nxg7+
Ke7 29. Bxc5+ Rxc5 30. Rxd2 Rg8 31. Nh5 Rxg5 32. Nf6 Rcxe5 33. Rxd7+ Kxf6 34.
Rf1+ Ref5 35. Rxf5+ exf5 36. Kc1 Rxg3 37. Rb7 Rg4 38. Kd2 h5 39. c4 bxc3+ 40.
Kxc3 Rg2 41. b4 Rxa2 42. Kb3 Ra1 43. b5 f4 44. b6 f3 0-1

[Event "Druzynowe Mistrzostwa Polski - II Liga 2023"]
[Site "Jastrzebia Gora"]
[Date "1899-12-30"]
[Round "1.10"]
[White "Komendecki, Antoni"]
[Black "Borowski, Przemyslaw"]
[Result "1-0"]
[WhiteTitle "I++"]
[BlackTitle "I"]
[WhiteElo "1951"]
[BlackElo "1794"]

1. e4 g6 2. d4 Bg7 3. Nf3 d6 4. Nc3 c6 5. Be2 b5 6. a3 Nf6 7. Bf4 O-O 8. Qd2 Nbd7
9. Bh6 Nb6 10. h4 Bxh6 11. Qxh6 Ng4 12. Qf4 h5 13. Nh2 e5 14. dxe5 Nxe5 15. g4
hxg4 16. Nxg4 Nxg4 17. Bxg4 Bxg4 18. Qxg4 Nc4 19. h5 Qf6 20. O-O-O a5 21. hxg6
fxg6 22. Qh3 Ra7 23. e5 Qxe5 24. Rde1 Qg7 25. Re6 b4 26. Qd3 Ne5 27. Qxd6 bxc3
28. Rxe5 cxb2+ 29. Kb1 Rd7 30. Qe6+ Qf7 31. Qh3 Qg7 32. Qb3+ Qf7 33. Re6 Qg7 34.
Rxg6+ 1-0

[Event "Druzynowe Mistrzostwa Polski - II Liga 2023"]
[Site "Jastrzebia Gora"]
[Date "1899-12-30"]
[Round "1.11"]
[White "Czaplewska, Klara"]
[Black "Madera, Mateusz"]
[Result "0-1"]
[WhiteTitle "k+"]
[BlackTitle "I+"]
[WhiteElo "1844"]
[BlackElo "1880"]

1. d4 d5 2. g3 e6 3. Bg2 Nf6 4. Nf3 Be7 5. O-O O-O 6. c4 b6 7. Nbd2 Bb7 8. b3 Nbd7
9. Bb2 c5 10. Rc1 dxc4 11. Nxc4 Rc8 12. Qd2 cxd4 13. Bxd4 b5 14. Ne3 Bc5 15. Rfd1
Qb6 16. b4 Bxd4 17. Qxd4 Qxd4 18. Nxd4 Bxg2 19. Kxg2 a6 20. Nc6 Kh8 21. Na7 Rxc1
22. Rxc1 Ra8 23. Nc8 Kg8 24. Rc7 h5 25. h3 a5 26. g4 hxg4 27. hxg4 g5 28. bxa5
Rxa5 29. Rc2 Ra4 30. f3 Kg7 31. Nd6 b4 32. Rb2 Nb6 33. Nc2 Nbd5 34. Nb7 Nd7 35.
Nd8 Ne5 36. Nb7 Nc4 37. Rb3 Rxa2 38. Nxb4 Nf4+ 39. Kh1 Rxe2 40. Nd3 Re3 41. Ndc5
Re1+ 42. Kh2 Nd2 43. Ra3 Rf1 44. Kg3 Rg1+ 45. Kf2 Rg2+ 46. Ke1 Re2+ 47. Kd1 Nc4
48. Ra7 Kg6 49. Ne4 Re3 50. Ra8 Kh6 51. Rg8 Ng6 52. Rc8 Nce5 53. Nbd6 Rxf3 54.
Rc7 Rf4 55. Ke2 Rxg4 56. Nf6 Rf4 57. Nxf7+ Nxf7 58. Rxf7 Ne5 59. Ng8+ Kg6 60.
Re7 Nf3 61. Rxe6+ Kf7 62. Rf6+ Rxf6 63. Nxf6 Nd4+ 64. Kd3 Kxf6 65. Kxd4 Kf5 66.
Ke3 Kg4 67. Kf2 Kh3 68. Kg1 Kg3 0-1

[Event "Druzynowe Mistrzostwa Polski - II Liga 2023"]
[Site "Jastrzebia Gora"]
[Date "1899-12-30"]
[Round "1.12"]
[White "Budkiewicz, Magdalena"]
[Black "Dranka, Jowita"]
[Result "1/2-1/2"]
[WhiteTitle "k+"]
[BlackTitle "I+"]
[WhiteElo "1762"]
[BlackElo "1636"]

1. e4 c5 2. Nf3 Nc6 3. d4 cxd4 4. Nxd4 g6 5. c4 Nf6 6. Nc3 Bg7 7. Be3 d6 8. Be2
O-O 9. O-O Bd7 10. h3 Nxd4 11. Bxd4 Bc6 12. Bd3 Nd7 13. Bxg7 Kxg7 14. Nd5 a5 15.
b3 Nc5 16. f4 e6 17. Nc3 d5 18. cxd5 exd5 19. exd5 Bxd5 20. Nxd5 Qxd5 21. Bc4
Qxd1 22. Raxd1 Rad8 23. f5 Ne4 24. Rxd8 Rxd8 25. fxg6 fxg6 26. Rf7+ Kh6 27. Rxb7
Rd1+ 28. Kh2 Rd2 29. a4 Nd6 30. Ra7 Nxc4 31. bxc4 Rc2 32. Rxa5 Rxc4 33. Kg3 Rb4
34. Ra7 Rc4 35. a5 Ra4 36. a6 Kg5 37. Ra8 h5 38. Kf3 Ra3+ 39. Ke4 Ra2 40. Kf3
Ra3+ 41. Ke4 Ra2 42. g3 Ra3 43. a7 Ra1 44. h4+ Kg4 45. Rg8 Ra4+ 46. Ke5 Ra5+ 47.
Kf6 Ra6+ 48. Kf7 Rxa7+ 49. Kxg6 Kxg3 50. Kxh5+ Kh3 51. Rb8 Ra5+ 52. Kg6 Kxh4 1/2-1/2

[Event "Druzynowe Mistrzostwa Polski - II Liga 2023"]
[Site "Jastrzebia Gora"]
[Date "1899-12-30"]
[Round "1.13"]
[White "Romanishin, Oleg M"]
[Black "Maj, Pawel"]
[Result "1-0"]
[WhiteTitle "GM"]
[BlackTitle "k"]
[WhiteElo "2385"]
[BlackElo "2208"]

1. Nf3 Nf6 2. g3 g6 3. Bg2 Bg7 4. c4 c6 5. d4 d5 6. cxd5 cxd5 7. Ne5 O-O 8. Nc3
b6 9. Bf4 Bb7 10. Rc1 e6 11. O-O Nh5 12. Be3 Nd7 13. f4 f5 14. Nb5 Ndf6 15. Nc7
Qd6 16. Nxa8 Rxa8 17. Qc2 Ne8 18. Qa4 Nhf6 19. Rc2 Nc7 20. Rfc1 Nfe8 21. Bd2 a5
22. e3 b5 23. Qa3 Bf8 24. Qxd6 Bxd6 25. Bf1 b4 26. Nd7 Kf7 27. Nc5 Bc8 28. a3
Na6 29. Bxa6 Bxa6 30. axb4 axb4 31. Ra1 1-0

[Event "Druzynowe Mistrzostwa Polski - II Liga 2023"]
[Site "Jastrzebia Gora"]
[Date "1899-12-30"]
[Round "1.14"]
[White "Liberadzki, Slawomir"]
[Black "Bednarek, Sylwester"]
[Result "0-1"]
[WhiteTitle "k"]
[BlackTitle "FM"]
[WhiteElo "1958"]
[BlackElo "2268"]

1. c4 c5 2. Nc3 b6 3. Nf3 Bb7 4. e4 d6 5. d4 cxd4 6. Nxd4 Nf6 7. f3 e6 8. Be2 a6
9. O-O Nbd7 10. Be3 Qc7 11. Qd2 Be7 12. Rac1 Rc8 13. Rfd1 Qb8 14. Bf2 O-O 15.
Qe3 Rfe8 16. b3 Bd8 17. f4 Bc7 18. Bf3 g6 19. Bh4 Bd8 20. Bf2 e5 21. Nde2 b5 22.
cxb5 axb5 23. fxe5 Bb6 24. Qd2 Bxf2+ 25. Kxf2 dxe5 26. Nxb5 Nc5 27. Nec3 Ba6 28.
Qe2 Qb6 29. Kf1 Nxb3 30. axb3 Rxc3 31. Rxc3 Bxb5 32. Rdd3 Ra8 33. Qb2 Qd4 34.
Qb1 Qxc3 0-1

[Event "Druzynowe Mistrzostwa Polski - II Liga 2023"]
[Site "Jastrzebia Gora"]
[Date "1899-12-30"]
[Round "1.15"]
[White "Smagalski, Slawomir"]
[Black "Kuma, Boguslaw"]
[Result "1/2-1/2"]
[WhiteTitle "I++"]
[BlackTitle "k"]
[WhiteElo "1942"]
[BlackElo "2073"]

1. Nf3 Nf6 2. c4 g6 3. g3 Bg7 4. Bg2 c6 5. O-O O-O 6. Nc3 d5 7. cxd5 cxd5 8. d4
Nc6 9. Bf4 Bd7 10. Rc1 Rc8 11. b3 Qa5 12. Bd2 Qa6 13. Re1 e6 14. Bf1 Qa3 15. Nb5
Qe7 16. Bf4 Ne4 1/2-1/2

[Event "Druzynowe Mistrzostwa Polski - II Liga 2023"]
[Site "Jastrzebia Gora"]
[Date "1899-12-30"]
[Round "1.16"]
[White "Pajak, Jakub"]
[Black "Swiatnicki, Andrzej"]
[Result "1/2-1/2"]
[WhiteTitle "I++"]
[BlackTitle "k"]
[WhiteElo "1863"]
[BlackElo "2016"]

1. e4 e6 2. d4 d5 3. Nc3 dxe4 4. Nxe4 Bd7 5. Nf3 Bc6 6. Bd3 Bxe4 7. Bxe4 c6 8.
c3 Nf6 9. Bc2 Nbd7 10. O-O Qc7 11. Qe2 Bd6 12. Be3 Ng4 13. h3 Nxe3 14. Qxe3 Bf4
15. Qe2 h6 16. Nd2 Bxd2 17. Qxd2 Nf6 1/2-1/2

[Event "Druzynowe Mistrzostwa Polski - II Liga 2023"]
[Site "Jastrzebia Gora"]
[Date "1899-12-30"]
[Round "1.17"]
[White "Walaszczyk, Witold"]
[Black "Koziol, Pawel"]
[Result "1-0"]
[WhiteTitle "k"]
[BlackTitle "I++"]
[WhiteElo "1945"]
[BlackElo "1667"]

1. d4 Nf6 2. g3 c5 3. dxc5 Na6 4. Bg2 Nxc5 5. c4 g6 6. Nc3 Bg7 7. Be3 Qa5 8. Bd2
Ne6 9. Nf3 O-O 10. O-O d6 11. Nb5 Qd8 12. Bc3 a6 13. Nbd4 Rb8 14. b3 Qc7 15. Rc1
Nxd4 16. Nxd4 Bd7 17. Qd2 Qc5 18. Bb4 Qh5 19. c5 e5 20. Nf3 d5 21. c6 bxc6 22.
Bxf8 Bxf8 23. Qg5 Qxg5 24. Nxg5 Bh6 25. h4 Ng4 26. Rc5 Bf8 27. Rc2 f6 28. Nf3
Nh6 29. Rd1 Nf7 30. Nd2 e4 31. Nxe4 Bf5 32. Nxf6+ Kg7 33. Rxc6 Ne5 34. Rxa6 Bc8
35. Ne8+ Kh8 36. Ra5 1-0

[Event "Druzynowe Mistrzostwa Polski - II Liga 2023"]
[Site "Jastrzebia Gora"]
[Date "1899-12-30"]
[Round "1.18"]
[White "Bartczak, Hanna"]
[Black "Bukowska, Katarzyna"]
[Result "0-1"]
[WhiteTitle "I++"]
[BlackTitle "k++"]
[WhiteElo "1482"]
[BlackElo "1732"]

1. d4 d5 2. Bf4 Nf6 3. Nc3 a6 4. e3 e6 5. Bd3 c5 6. Nf3 Nc6 7. dxc5 Bxc5 8. O-O
O-O 9. h3 Bd6 10. Bg5 h6 11. Bh4 b5 12. Nd4 Bb7 13. Qf3 Ne5 14. Qd1 Nc4 15. Qc1
Rc8 16. Nd1 g5 17. Bg3 Bxg3 18. fxg3 Nd7 19. b3 Nce5 20. Qd2 Nc5 21. Nf2 Qd6 22.
Ne2 Ng6 23. Ng4 f5 24. Nxh6+ Kh7 25. Nxf5 exf5 26. Bxf5 Rce8 27. h4 Qe5 28. Nd4
Ne4 29. Bxe4 Qxe4 30. hxg5 Qxe3+ 31. Qxe3 Rxe3 32. Rxf8 Nxf8 33. Kf2 Re5 34. Nf3
Re7 35. Rh1+ Kg7 36. Rh6 Ng6 37. Nd4 Re5 38. Rh5 b4 39. Nf3 Re8 40. Rh1 a5 41.
Nh4 Nxh4 42. gxh4 d4 43. Re1 Rxe1 44. Kxe1 Bxg2 45. h5 Be4 46. Kd2 Kf7 47. Kc1
Ke6 48. Kd2 Bf5 49. Kc1 Bg4 50. h6 Bf5 51. Kd2 Kf7 52. Kd1 Kg6 53. Kd2 Kxg5 54.
Kd1 Kxh6 55. Kd2 Kg5 56. Kd1 Kf4 57. Kd2 Kf3 58. Kd1 Ke3 0-1

[Event "Druzynowe Mistrzostwa Polski - II Liga 2023"]
[Site "Jastrzebia Gora"]
[Date "1899-12-30"]
[Round "1.19"]
[White "Lagowski, Patryk"]
[Black "Karpus, Michal"]
[Result "1/2-1/2"]
[WhiteTitle "IM"]
[BlackTitle "FM"]
[WhiteElo "2333"]
[BlackElo "2246"]

1. d4 Nf6 2. Nf3 g6 3. c4 Bg7 4. Nc3 d5 5. cxd5 Nxd5 6. e4 Nxc3 7. bxc3 c5 8. Be3
Nc6 9. Rc1 Qa5 10. d5 Bxc3+ 11. Rxc3 Qxc3+ 12. Bd2 Qf6 13. dxc6 Qxc6 14. Qb1 O-O
15. h4 h5 16. Bc3 Rd8 17. Ne5 Qd6 18. Be2 b5 19. O-O b4 20. Ba1 Be6 21. Rd1 Qb6
22. Rxd8+ Rxd8 23. Qb2 f6 24. Nxg6 Qd6 25. Bxh5 Bf7 26. Qe2 Qd7 27. Qf3 Bxg6 28.
Qg3 e5 29. Qxg6+ Qg7 30. Qf5 Rd2 31. Qe6+ Kh8 32. Qc8+ Qg8 33. Qf5 Qg7 34. Qc8+
Qg8 35. Qf5 Qg7 1/2-1/2

[Event "Druzynowe Mistrzostwa Polski - II Liga 2023"]
[Site "Jastrzebia Gora"]
[Date "1899-12-30"]
[Round "1.20"]
[White "Karut, Kacper"]
[Black "Chomczyk, Marek"]
[Result "0-1"]
[WhiteTitle "I"]
[BlackTitle "k++"]
[WhiteElo "2065"]
[BlackElo "2290"]

1. e4 e5 2. Nf3 Nc6 3. Bb5 a6 4. Ba4 Nf6 5. O-O d6 6. Re1 Bd7 7. c3 g6 8. d4 Bg7
9. Bg5 h6 10. Bh4 O-O 11. Nbd2 Qe8 12. d5 Ne7 13. Bc2 Nh5 14. Nf1 g5 15. Bg3 f5
16. exf5 Bxf5 17. Ne3 Bxc2 18. Qxc2 Qg6 19. Qxg6 Nxg6 20. Nd2 Ne7 21. Ne4 Nf6
22. Nxf6+ Rxf6 23. c4 Rf7 24. Rab1 h5 25. h3 Raf8 26. Re2 Ng6 27. b4 Nf4 28. Rd2
e4 29. c5 Bc3 30. Rc2 Bd4 31. Rd1 dxc5 32. bxc5 Nd3 33. d6 h4 34. Bh2 Rxf2 35.
Rxf2 Bxe3 36. d7 Bxf2+ 0-1

[Event "Druzynowe Mistrzostwa Polski - II Liga 2023"]
[Site "Jastrzebia Gora"]
[Date "1899-12-30"]
[Round "1.21"]
[White "Budnik, Mateusz"]
[Black "Pacuszka, Tomasz"]
[Result "1-0"]
[WhiteTitle "k"]
[BlackTitle "FM"]
[WhiteElo "1969"]
[BlackElo "2156"]

1. Nf3 d5 2. b3 Nf6 3. Bb2 Bf5 4. e3 e6 5. Be2 h6 6. O-O Nbd7 7. c4 c6 8. d4 Bd6
9. Bd3 Ne4 10. Qc2 Qf6 11. Nbd2 Ng5 12. Bxf5 Nxf3+ 13. Nxf3 exf5 14. cxd5 cxd5
15. Rac1 O-O 16. Qd3 a6 17. Rc2 Rfe8 18. g3 g6 19. Rfc1 Qe6 20. Qf1 Nf6 21. Ne1
Kg7 22. Nd3 h5 23. Nc5 Qe7 24. h4 Rad8 25. Qg2 Ne4 26. Nxe4 fxe4 27. Qh3 f5 28.
Bc3 Kf6 29. Ba5 Rd7 30. Bb6 Qe6 31. Bc5 Bb8 32. Qf1 Rdd8 33. Qe2 Qd7 34. Ba3 Re6
35. Kg2 Rh8 36. Rc3 Ree8 37. Rh1 Rc8 38. Qc2 Rcg8 39. Bb4 g5 40. Ba5 Rh7 41. hxg5+
Rxg5 42. Rc8 Bd6 43. Bd8+ Be7 44. Bxe7+ Qxe7 45. Qc5 Qxc5 46. dxc5 h4 47. Rd8
Ke6 48. Rd6+ Ke7 49. Rxd5 Rgh5 50. Rxh4 Rxh4 51. gxh4 Ke6 52. Rd6+ Ke5 53. b4
f4 54. exf4+ Kxf4 55. c6 bxc6 56. Rxc6 Rxh4 57. Rxa6 Rg4+ 58. Kf1 e3 59. fxe3+
Kxe3 60. b5 Rf4+ 61. Kg2 Rg4+ 62. Kh3 Rb4 63. a4 1-0

[Event "Druzynowe Mistrzostwa Polski - II Liga 2023"]
[Site "Jastrzebia Gora"]
[Date "1899-12-30"]
[Round "1.22"]
[White "Krainski, Aleksander"]
[Black "Celinski, Kamil"]
[Result "1-0"]
[WhiteTitle "FM"]
[BlackTitle "I++"]
[WhiteElo "2090"]
[BlackElo "1841"]

1. d4 Nf6 2. Nf3 c5 3. e3 d5 4. Be2 Nc6 5. O-O Bg4 6. h3 Bh5 7. dxc5 e6 8. a3 a5
9. c4 Bxc5 10. cxd5 Nxd5 11. Qc2 Qe7 12. e4 Nb6 13. Bg5 f6 14. Bd2 Bxf3 15. Bxf3
Nd4 16. Qd1 Nxf3+ 17. Qxf3 O-O 18. Rc1 Rfd8 19. Be1 Rac8 20. Nc3 Bd4 21. Rab1
Nc4 22. Nb5 Ne5 23. Qe2 Bb6 24. Rxc8 Rxc8 25. Bc3 Rc5 26. Rd1 Ng6 27. g3 Rg5 28.
Kh2 Qc5 29. Nd4 Rh5 30. Nxe6 Qxf2+ 31. Qxf2 Bxf2 32. Rd7 Nf8 33. Rxg7+ Kh8 34.
Bxf6 Rh6 35. Rg6# 1-0

[Event "Druzynowe Mistrzostwa Polski - II Liga 2023"]
[Site "Jastrzebia Gora"]
[Date "1899-12-30"]
[Round "1.23"]
[White "Kaminski, Jan"]
[Black "Sciborowski, Miroslaw"]
[Result "1/2-1/2"]
[WhiteTitle "I++"]
[BlackTitle "k"]
[WhiteElo "1858"]
[BlackElo "1929"]

1. e4 d5 2. exd5 Qxd5 3. Nc3 Qa5 4. d4 Nf6 5. Nf3 Bf5 6. Bd2 c6 7. Bc4 e6 8. Nd5
Qd8 9. Nxf6+ Qxf6 10. Qe2 Bg4 11. O-O-O Be7 12. Kb1 Nd7 13. Be3 O-O 14. h3 Bxf3
15. gxf3 Nb6 16. Bd3 Nd5 17. Rhg1 Nf4 18. Bxf4 Qxf4 19. Rg4 Qd6 20. Rdg1 g6 21.
c3 Rad8 22. Bc2 c5 23. h4 cxd4 24. Rxd4 Qb6 25. Rxd8 Rxd8 26. h5 Bf6 27. hxg6
hxg6 28. Bb3 Kg7 29. Rh1 a5 30. Qe3 Qxe3 31. fxe3 Rd2 32. Bc4 Bd8 33. e4 Bg5 34.
a4 Rf2 1/2-1/2

[Event "Druzynowe Mistrzostwa Polski - II Liga 2023"]
[Site "Jastrzebia Gora"]
[Date "1899-12-30"]
[Round "1.24"]
[White "Hertlein, Irena"]
[Black "Kopica, Paulina"]
[Result "1-0"]
[WhiteTitle "WFM"]
[BlackTitle "k"]
[WhiteElo "2050"]
[BlackElo "1895"]

1. d4 e6 2. Nf3 f5 3. g3 b6 4. Bg2 Bb7 5. O-O Nf6 6. c4 Be7 7. Nc3 O-O 8. d5 Qe8
9. Nd4 Bc5 10. Ndb5 Qc8 11. Bf4 Na6 12. e4 exd5 13. e5 Ne4 14. cxd5 c6 15. Nxe4
cxb5 16. Nc3 b4 17. Nb5 Nc7 18. Nxc7 Qxc7 19. d6 Qc8 20. Bxb7 Qxb7 21. Qb3+ Kh8
22. Rae1 Rae8 23. e6 dxe6 24. Rxe6 h6 25. Rfe1 Rxe6 26. Rxe6 Rf7 27. Re8+ Kh7
28. Rd8 a5 29. d7 Re7 30. Qg8+ Kg6 31. Qe8+ Kf6 32. Rc8 Qf3 33. Rxc5 Rxe8 34.
dxe8=Q bxc5 35. Qe5+ Kf7 36. Qxf5+ Kg8 37. Qxc5 Qe2 38. Qd5+ Kh7 39. Be5 a4 40.
Qd4 1-0

[Event "Druzynowe Mistrzostwa Polski - II Liga 2023"]
[Site "Jastrzebia Gora"]
[Date "1899-12-30"]
[Round "1.25"]
[White "Chaczynski, Kamil"]
[Black "Seifert, Henryk"]
[Result "0-1"]
[WhiteTitle "k"]
[BlackTitle "FM"]
[WhiteElo "2165"]
[BlackElo "2106"]

1. e4 e6 2. d4 d5 3. Nd2 c5 4. Ngf3 Nc6 5. exd5 exd5 6. dxc5 Bxc5 7. Nb3 Bb6 8.
Be2 Nf6 9. c3 O-O 10. O-O h6 11. Nbd4 Bg4 12. Be3 Re8 13. a4 Rc8 14. Rc1 Bxd4
15. Nxd4 Bxe2 16. Nxe2 Ng4 17. Bf4 Qb6 18. Rc2 Rcd8 19. Rd2 Nf6 20. b4 Re4 21.
Be3 Rxe3 22. a5 Qc7 23. fxe3 Ng4 24. Rf4 Nxe3 25. Qe1 Re8 26. Qf2 Nc4 27. Ra2
N6e5 28. Qd4 Nc6 29. Qf2 N6e5 30. Qg3 Re6 31. h4 Rg6 32. Qh3 h5 33. Rd4 Ng4 34.
Nf4 Nce3 35. Nxd5 Nxd5 36. Rxd5 Re6 37. g3 Re3 38. Qf1 Qe7 39. Qf4 Re1+ 40. Kg2
Re2+ 41. Rxe2 Qxe2+ 42. Kg1 Qh2+ 43. Kf1 Qh1+ 0-1

[Event "Druzynowe Mistrzostwa Polski - II Liga 2023"]
[Site "Jastrzebia Gora"]
[Date "1899-12-30"]
[Round "1.26"]
[White "Malik, Maciej"]
[Black "Walkusz, Witoslaw"]
[Result "1-0"]
[WhiteTitle "k"]
[BlackTitle "FM"]
[WhiteElo "2023"]
[BlackElo "2038"]

1. e4 Nf6 2. e5 Nd5 3. c4 Nb6 4. a4 d6 5. a5 N6d7 6. exd6 cxd6 7. Nf3 Nc6 8. d4
g6 9. d5 Nce5 10. Nd4 Nf6 11. h3 Bg7 12. Be2 O-O 13. O-O Ne4 14. f4 Nd7 15. Bf3
Ng3 16. Re1 Nc5 17. Ra3 Nf5 18. Nc2 Nh4 19. Bg4 Nf5 20. Nc3 Re8 21. b4 Na6 22.
Ne4 Qc7 23. Be2 e5 24. Bf1 Bd7 25. Bb2 f6 26. g4 Nd4 27. Nxd4 exd4 28. Qxd4 Rxe4
29. Rxe4 Nxb4 30. Re7 Qd8 31. Re2 Na6 32. g5 Nc5 1-0

[Event "Druzynowe Mistrzostwa Polski - II Liga 2023"]
[Site "Jastrzebia Gora"]
[Date "1899-12-30"]
[Round "1.27"]
[White "Bartkowiak, Damian"]
[Black "Miszczak, Dariusz"]
[Result "1-0"]
[WhiteTitle "k"]
[BlackTitle "I+"]
[WhiteElo "2074"]
[BlackElo "1967"]

1. d4 Nf6 2. c4 c5 3. d5 b5 4. cxb5 a6 5. b6 e6 6. Nc3 Nxd5 7. Nxd5 exd5 8. Qxd5
Nc6 9. Nf3 Rb8 10. e4 Be7 11. Bc4 O-O 12. Ng5 Qe8 13. O-O Rxb6 14. b3 Nd4 15.
Rd1 Bb7 16. Qe5 Rg6 17. h4 h6 18. Rxd4 cxd4 19. Nh3 Bxh4 20. Qxe8 Rxe8 21. Nf4
Rb6 22. Nd5 Bxd5 23. Bxd5 Bf6 24. Bd2 Rc8 25. a4 Rc2 26. a5 Rb8 27. Bf4 Rb5 28.
Bc4 Rxc4 29. bxc4 Rc5 30. Ra4 Bd8 31. Bd2 f5 32. exf5 Rxf5 33. Kf1 Kf7 34. Ke2
1-0